000 00416nam a2200169Ia 4500
001 29959
003 IN-NITTTR
005 20251114233407.0
008 251113s9999||||xx |||||||||||||| ||eng||
040 _beng
040 _cIN-NITTTR
041 _aeng
082 _a616.99449 V58T
100 _aVerma, Saurabh
245 2 _aA technique to detect masses from digital mammogram /
_cVerma, Saurabh
942 _2ddc
_cBK
999 _c32587
_d32587